000 00657nam a2200289Ia 4500
005 20260324133528.0
008 008 260324s9999 xx 000 0 eng d
020 _a9781315839660
037 _aEBOOK
040 _aCRL
040 _beng
040 _cCRL
041 _2eng
041 _aeng
084 _qCRL
100 _aMichael J Angold
_91193439
245 4 _aThe Fourth Crusade
245 0 _bEvent and Context
260 _bTaylor and Francis
260 _c2003
365 _a
365 _b300
856 _uhttp://www.taylorfrancis.com/books/9781315839660
942 _cEBOOK
999 _c1792553
_d1792553